Central Library OPAC University of Rajshahi

Studies in statistics : (Record no. 72888)

MARC details
000 -LEADER
fixed length control field 00679nam a2200205 a 4500
001 - CONTROL NUMBER
control field 72888
003 - CONTROL NUMBER IDENTIFIER
rucl marc code BD-RjUL
005 - DATE AND TIME OF LATEST TRANSACTION
control field 20211209082324.0
008 - FIXED-LENGTH DATA ELEMENTS--GENERAL INFORMATION
fixed length control field 170524s1970 ia ||||| |||| 00| 0 eng d
035 ## - SYSTEM CONTROL NUMBER
System control number (BD-RjUL)73106
040 ## - CATALOGING SOURCE
Original cataloging agency BD-RjUL
Language of cataloging eng
Transcribing agency BD-RjUL
041 ## - LANGUAGE CODE
Language code of text/sound track or separate title eng
082 ## - DEWEY DECIMAL CLASSIFICATION NUMBER
Edition number 23
Classification number 519.5
Author mark and year HAS 1970
100 1# - MAIN ENTRY--PERSONAL NAME
Personal name Haykal, Abd-el-Aziz Fahmy
9 (RLIN) 215595
245 ## - TITLE STATEMENT
Title Studies in statistics :
Remainder of title 1 - Some remarks about family living studies, 2 - Mortality trends during the period 1900-1950 /
Statement of responsibility, etc. Abd-el-Aziz Fahmy Haykal
260 ## - PUBLICATION, DISTRIBUTION, ETC. (IMPRINT)
Place of publication, distribution, etc. Beirut :
Name of publisher, distributor, etc. Beirut Arab University,
Date of publication, distribution, etc. 1970.
300 ## - PHYSICAL DESCRIPTION
Pagination [6] 47 p. ;
Size 25 cm.
650 ## - SUBJECT ADDED ENTRY--TOPICAL TERM
Topical term or geographic name as entry element Mathematical statistics
9 (RLIN) 215596
942 ## - ADDED ENTRY ELEMENTS (KOHA)
Source of classification or shelving scheme Dewey Decimal Classification
Koha item type Books
Holdings
Lost status Source of classification or shelving scheme Damaged status Not for loan Collection code Permanent Location Current Location Shelving location Date acquired Source of acquisition Total Checkouts Full call number Date last seen Copy number Koha item type
  Dewey Decimal Classification   Not For Loan Non-fiction Central Library, University of Rajshahi Central Library, University of Rajshahi Reading Room 27/11/2008 RUCL   519.5 HAS 1970 24/05/2017 C-1 Books